Стихотворения (Запис номер 188373)
[ съкратено ]
| 000 -Лидер | |
|---|---|
| Контролно поле с фиксирана дължина | 01609nam a2200337 c 4500 |
| 003 - Код на организацията, давaща контролен номер | |
| Контролно поле | BLK |
| 005 - Дата и час на последна редакция | |
| Контролно поле | 20241105005515.0 |
| 008 - Елементи от данни с фиксирана дължина | |
| fixed length control field | 180411b bul|||||r ||||||| ||bul|| |
| 010 ## - Наследен системен номер | |
| LC control number | KNG00197391000 |
| 040 ## - Източник на каталожния запис | |
| Идентификатор на билиотеката - собственик на записа | BLK |
| 041 ## - Код за език | |
| Код за езика на текст/звукозапис или на отделно заглавие | Български |
| Код за езика КДБФ | Български |
| 080 ## - УДК | |
| Текстов определител УДК | Руска литература |
| УДК код - определител по УДК | 821.161.1 |
| УДК определител | -1 |
| УДК - код + определител | 821.161.1-1 |
| 100 1# - Редна дума - Автор | |
| Автор | Тютчев, Фьодор Иванович |
| Авторска отговорност | първи автор |
| R(LIN) | 384602 |
| 139 ## - Редно поле | |
| Редна дума | Тютчев, Фьодор Иванович |
| Авторски знак | Тю - Т 98 |
| 245 10 - Сведения за заглавието | |
| Заглавие | Стихотворения |
| Подзаглавни данни | Сборник |
| Редно поле (дума) | Фьодор Иванович Тютчев; прев. от рус. с послесл. Григор Кръстанов Ленков; с предг. от Блага Николова Димитрова; рис. Ясен Славчев Васев. |
| 257 ## - Страна на издаване | |
| Страна на създаване/издаване | СССР |
| 260 ## - Област на издателските данни | |
| Място на издаване, разпространение и проч. | София |
| Име на издателя, разпространителя и проч. | Нар. култура |
| Година на издаване | 1979 |
| 300 ## - Физическа характеристика | |
| Страници | 142 с. |
| Илюстрации и др. | с ил. |
| Размери/Мащаб | 17 см |
| 380 ## - Жанр | |
| Жанр | Худож. лит. |
| 500 ## - Общи забележки | |
| Забележка | 5 125 тир. - Парал. текст на рус. ез. |
| 700 1# - Други автори (авторска отговорност) | |
| Лично име | Ленков, Григор Кръстанов |
| Автороска отговорност (Описва отношението между автора и произведението) | прев. от рус. с послесл. |
| 9 (RLIN) | 365627 |
| 700 ## - Други автори (авторска отговорност) | |
| Лично име | Димитрова, Блага Николова |
| Дати, свързани с автора | 1922 - 2003 |
| Друга информация | Писателка, поетеса, драматург, публицист, преводачка |
| 9 (RLIN) | 363629 |
| 700 1# - Други автори (авторска отговорност) | |
| Лично име | Васев, Ясен Славчев |
| Автороска отговорност (Описва отношението между автора и произведението) | рис. |
| 9 (RLIN) | 384603 |
| 852 ## - Местоположение | |
| Форматна сигнатура | Цб І 17956 |
| 856 4# - Електронен адрес и достъп | |
| Електронен формат | pdf - файл |
| Инструкция (цена за достъп) | 0.00 |
| Права за достъп | disable |
| 856 4# - Електронен адрес и достъп | |
| Електронен формат | pdf - файл |
| Инструкция (цена за достъп) | 0.00 |
| Права за достъп | disable |
| 999 ## - СИСТЕМНИ КОНТРОЛНИ НОМЕРА | |
| Koha biblionumber | 188373 |
| Koha biblioitemnumber | 188373 |
| 942 ## - АРТИКУЛИ | |
| Вид на библиотечния материал | Книги |
| Скрит в OPAC | Не |
| Периодичен библиозапис | Да |
| 944 ## - СЪЗДАВАНЕ И РЕДАКЦИЯ на ЗАПИСА | |
| Създаване/Редакция | Създаване |
| Дата на регистрацията/редакция | 05.12.2016 |
| Служител, извършил регистрацията/редакцията | |
| Статус, дата на статуса | CRON CRON |
| 944 ## - СЪЗДАВАНЕ И РЕДАКЦИЯ на ЗАПИСА | |
| Създаване/Редакция | Редакция |
| Дата на регистрацията/редакция | 05.12.2016 |
| Служител, извършил регистрацията/редакцията | Севдалина_Василева |
| 999 ## - СИСТЕМНИ КОНТРОЛНИ НОМЕРА | |
| Koha biblioitemnumber | 188373 |
| Код за отписване | Код за изгубен артикул | Източник на класификационната схема | Код за повреда | Коз за рестрикции | Код за отдаване | Артикулен № | Име на библиотеката - собственик | Име на библиотеката, в която се намира в момента | Статус (Текущо местоположение) | Дата на вписване в системата | Местоположение - отдел | Цена в лева | Инвентарен номер | Систематично азбучна сигнатура | Баркод | Номер на екземпляра | Цена в евро | Служебна бележка | Служебен тип на артикула |
|---|---|---|---|---|---|---|---|---|---|---|---|---|---|---|---|---|---|---|---|
| Не е изгубен | Universal Decimal Classification | Не е повреден | само за читалня | ползва се в читалня | 330306 | Регионална библиотека "Любен Каравелов" Русе | Регионална библиотека "Любен Каравелов" Русе | Хранилище | 1979-01-01 | Хранилище | 2.00 | 301214 | Цб І 17956 | 120000301214 | 1 | 1.02 | Дост: Dp Вид: Д N: стар фонд Дата: 01.01.1979 | Книги | |
| Изтеглен | Не е изгубен | Universal Decimal Classification | Не е повреден | без рестрикции | заемане за дома | 330307 | Регионална библиотека "Любен Каравелов" Русе | Регионална библиотека "Любен Каравелов" Русе | Заемна - подръчен фонд | 1979-01-01 | Заемна - подръчен фонд | 2.00 | 301842 | П 882-1/Т 98 | 301842 | 2 | 1.02 | Дост: Pk Вид: Ф N: стар фонд Дата: 01.01.1979 | Книги |
| Не е изгубен | Universal Decimal Classification | Не е повреден | без рестрикции | заемане за дома | 330308 | Регионална библиотека "Любен Каравелов" Русе | Регионална библиотека "Любен Каравелов" Русе | Заемна - подръчен фонд | 1979-01-01 | Заемна - подръчен фонд | 2.00 | 301843 | П 882-1/Т 98 | 120000301843 | 3 | 1.02 | Дост: Pk Вид: Ф N: стар фонд Дата: 01.01.1979 Дата инв: 21.02.2018 Бележки инв: П2018 | Книги |